|
|
|
|
| LEADER |
00000caa a22000002c 4500 |
| 001 |
1525901850 |
| 003 |
DE-627 |
| 005 |
20240507092922.0 |
| 007 |
tu |
| 008 |
160223s2005 xx ||||| 00| ||ger c |
| 020 |
|
|
|a 3784115659
|
| 035 |
|
|
|a (DE-627)1525901850
|
| 035 |
|
|
|a (DE-576)455901856
|
| 035 |
|
|
|a (DE-599)BSZ455901856
|
| 040 |
|
|
|a DE-627
|b ger
|c DE-627
|e rakwb
|
| 041 |
|
|
|a ger
|
| 084 |
|
|
|a 484
|2 bwlb
|
| 084 |
|
|
|a 491
|2 bwlb
|
| 084 |
|
|
|a 514
|2 bwlb
|
| 100 |
1 |
|
|a Kury, Helmut
|d 1941-
|0 (DE-588)106326635
|0 (DE-627)490855741
|0 (DE-576)261566105
|4 aut
|
| 109 |
|
|
|a Kury, Helmut 1941-
|a Kuri, Chel'mut 1941-
|
| 245 |
1 |
0 |
|a Polizei und Platzverweis - Ergebnisse einer empirischen Untersuchung in Freiburg
|c Helmut Kury, Barbara Gartner, Joachim Obergfell-Fuchs
|
| 264 |
|
1 |
|c 2005
|
| 336 |
|
|
|a Text
|b txt
|2 rdacontent
|
| 337 |
|
|
|a ohne Hilfsmittel zu benutzen
|b n
|2 rdamedia
|
| 338 |
|
|
|a Band
|b nc
|2 rdacarrier
|
| 650 |
0 |
7 |
|0 (DE-588)4033178-7
|0 (DE-627)10458503X
|0 (DE-576)209000511
|a Kriminalität
|2 gnd
|7 (dpeaa)DE-631
|
| 650 |
0 |
7 |
|0 (DE-588)4037363-0
|0 (DE-627)106237942
|0 (DE-576)209023732
|a Mann
|2 gnd
|7 (dpeaa)DE-631
|
| 650 |
0 |
7 |
|0 (DE-588)4046595-0
|0 (DE-627)106197525
|0 (DE-576)209070196
|a Polizei
|2 gnd
|7 (dpeaa)DE-631
|
| 650 |
0 |
7 |
|0 (DE-588)4018202-2
|0 (DE-627)104270705
|0 (DE-576)208923209
|a Frau
|2 gnd
|7 (dpeaa)DE-631
|
| 650 |
0 |
7 |
|0 (DE-588)4020832-1
|0 (DE-627)10631663X
|0 (DE-576)208934979
|a Gewalt
|2 gnd
|7 (dpeaa)DE-631
|
| 650 |
0 |
7 |
|0 (DE-588)7501992-9
|0 (DE-627)508151341
|0 (DE-576)253225205
|a Kriminalprävention
|2 gnd
|7 (dpeaa)DE-631
|
| 650 |
0 |
7 |
|0 (DE-588)4723056-3
|0 (DE-627)365816949
|0 (DE-576)21575591X
|a Häusliche Gewalt
|2 gnd
|7 (dpeaa)DE-631
|
| 650 |
0 |
7 |
|0 (DE-588)4162156-6
|0 (DE-627)105464597
|0 (DE-576)209871466
|a Intervention
|2 gnd
|7 (dpeaa)DE-631
|
| 650 |
|
4 |
|a Familie
|0 (DE-631)5075
|7 (dpeaa)DE-631
|
| 651 |
|
7 |
|0 (DE-588)4018272-1
|0 (DE-627)106326686
|0 (DE-576)208923535
|a Freiburg im Breisgau
|2 gnd
|7 (dpeaa)DE-631
|
| 700 |
1 |
|
|a Gartner, Barbara
|d 1981-
|0 (DE-588)131383574
|0 (DE-627)508498996
|0 (DE-576)189214090
|4 aut
|
| 700 |
1 |
|
|a Obergfell-Fuchs, Joachim
|d 1964-
|0 (DE-588)131834169
|0 (DE-627)514391022
|0 (DE-576)171591372
|4 aut
|
| 773 |
0 |
8 |
|i In
|t Gewalt in der Familie
|d Freiburg im Breisgau : Lambertus-Verl., 2005
|g Freiburg im Breisgau, 2005. - S. 261 - 284
|h 360 S
|w (DE-627)477061435
|w (DE-576)115454500
|z 3784115659
|7 nnam
|
| 773 |
1 |
8 |
|g year:2005
|g pages:261-284
|
| 935 |
|
|
|a mkri
|a BWLB
|
| 951 |
|
|
|a AR
|
| ELC |
|
|
|b 1
|
| LOK |
|
|
|0 000 xxxxxcx a22 zn 4500
|
| LOK |
|
|
|0 001 2899372742
|
| LOK |
|
|
|0 003 DE-627
|
| LOK |
|
|
|0 004 1525901850
|
| LOK |
|
|
|0 005 20260216124157
|
| LOK |
|
|
|0 008 160208||||||||||||||||ger|||||||
|
| LOK |
|
|
|0 040
|a DE-21-110
|c DE-627
|d DE-21-110
|
| LOK |
|
|
|0 689
|a s
|a Platzverweis
|
| LOK |
|
|
|0 852
|a DE-21-110
|
| LOK |
|
|
|0 852 1
|m p
|9 00
|
| LOK |
|
|
|0 935
|a k110
|
| LOK |
|
|
|0 938
|k p
|
| LOK |
|
|
|0 939
|a 08-02-16
|b l01
|
| ORI |
|
|
|a WA-MARC-krimdoka001.raw
|